<?xml version="1.0" encoding="UTF-8"?>
<record
    xmlns:xsi="http://www.w3.org/2001/XMLSchema-instance"
    xsi:schemaLocation="http://www.loc.gov/MARC21/slim http://www.loc.gov/standards/marcxml/schema/MARC21slim.xsd"
    xmlns="http://www.loc.gov/MARC21/slim">

  <leader>00357nam a22001457a 4500</leader>
  <controlfield tag="003">SGT</controlfield>
  <datafield tag="020" ind1=" " ind2=" ">
    <subfield code="a">978-81-319-0034-5</subfield>
  </datafield>
  <datafield tag="082" ind1=" " ind2=" ">
    <subfield code="a">616.024</subfield>
    <subfield code="b">B09C</subfield>
  </datafield>
  <datafield tag="100" ind1=" " ind2=" ">
    <subfield code="a">CLARKE, JOHN H.</subfield>
  </datafield>
  <datafield tag="245" ind1=" " ind2=" ">
    <subfield code="a">BIRD EYE VIEW : A LECTURE ON HAHNEMANN'S ORGAONON OF MEDICINE</subfield>
  </datafield>
  <datafield tag="260" ind1=" " ind2=" ">
    <subfield code="a">INDIA</subfield>
    <subfield code="b">B.JAIN PUB</subfield>
    <subfield code="c">2009</subfield>
  </datafield>
  <datafield tag="300" ind1=" " ind2=" ">
    <subfield code="a">24</subfield>
  </datafield>
  <datafield tag="650" ind1=" " ind2=" ">
    <subfield code="a">HOMOEOPATHIC</subfield>
  </datafield>
  <datafield tag="942" ind1=" " ind2=" ">
    <subfield code="2">ddc</subfield>
    <subfield code="c">BK</subfield>
  </datafield>
  <datafield tag="952" ind1=" " ind2=" ">
    <subfield code="0">0</subfield>
    <subfield code="1">0</subfield>
    <subfield code="2">ddc</subfield>
    <subfield code="4">0</subfield>
    <subfield code="7">0</subfield>
    <subfield code="a">FH</subfield>
    <subfield code="b">FH</subfield>
    <subfield code="c">TXT</subfield>
    <subfield code="d">2020-08-08</subfield>
    <subfield code="e">B.JAIN PUB.</subfield>
    <subfield code="g">20.00</subfield>
    <subfield code="i">SGTU</subfield>
    <subfield code="l">0</subfield>
    <subfield code="o">616.024 B09C</subfield>
    <subfield code="p">FH1884</subfield>
    <subfield code="r">2020-08-08 00:00:00</subfield>
    <subfield code="w">2016-09-02</subfield>
    <subfield code="y">BK</subfield>
    <subfield code="k">147010</subfield>
  </datafield>
  <datafield tag="952" ind1=" " ind2=" ">
    <subfield code="0">0</subfield>
    <subfield code="1">0</subfield>
    <subfield code="2">ddc</subfield>
    <subfield code="4">0</subfield>
    <subfield code="7">0</subfield>
    <subfield code="a">FH</subfield>
    <subfield code="b">FH</subfield>
    <subfield code="c">TXT</subfield>
    <subfield code="d">2020-08-08</subfield>
    <subfield code="e">B.JAIN PUB.</subfield>
    <subfield code="g">20.00</subfield>
    <subfield code="i">SGTU</subfield>
    <subfield code="l">0</subfield>
    <subfield code="o">616.024 B09C</subfield>
    <subfield code="p">FH1885</subfield>
    <subfield code="r">2020-08-08 00:00:00</subfield>
    <subfield code="w">2016-09-02</subfield>
    <subfield code="y">BK</subfield>
    <subfield code="k">147010</subfield>
  </datafield>
  <datafield tag="952" ind1=" " ind2=" ">
    <subfield code="0">0</subfield>
    <subfield code="1">0</subfield>
    <subfield code="2">ddc</subfield>
    <subfield code="4">0</subfield>
    <subfield code="7">0</subfield>
    <subfield code="a">FH</subfield>
    <subfield code="b">FH</subfield>
    <subfield code="c">TXT</subfield>
    <subfield code="d">2020-08-08</subfield>
    <subfield code="e">B.JAIN PUB.</subfield>
    <subfield code="g">20.00</subfield>
    <subfield code="i">SGTU</subfield>
    <subfield code="l">0</subfield>
    <subfield code="o">616.024 B09C</subfield>
    <subfield code="p">FH1886</subfield>
    <subfield code="r">2020-08-08 00:00:00</subfield>
    <subfield code="w">2016-09-02</subfield>
    <subfield code="y">BK</subfield>
    <subfield code="k">147010</subfield>
  </datafield>
  <datafield tag="952" ind1=" " ind2=" ">
    <subfield code="0">0</subfield>
    <subfield code="1">0</subfield>
    <subfield code="2">ddc</subfield>
    <subfield code="4">0</subfield>
    <subfield code="7">0</subfield>
    <subfield code="a">FH</subfield>
    <subfield code="b">FH</subfield>
    <subfield code="c">TXT</subfield>
    <subfield code="d">2020-08-08</subfield>
    <subfield code="e">B.JAIN PUB.</subfield>
    <subfield code="g">20.00</subfield>
    <subfield code="i">SGTU</subfield>
    <subfield code="l">0</subfield>
    <subfield code="o">616.024 B09C</subfield>
    <subfield code="p">FH1887</subfield>
    <subfield code="r">2020-08-08 00:00:00</subfield>
    <subfield code="w">2016-09-02</subfield>
    <subfield code="y">BK</subfield>
    <subfield code="k">147010</subfield>
  </datafield>
  <datafield tag="952" ind1=" " ind2=" ">
    <subfield code="0">0</subfield>
    <subfield code="1">0</subfield>
    <subfield code="2">ddc</subfield>
    <subfield code="4">0</subfield>
    <subfield code="7">0</subfield>
    <subfield code="a">FH</subfield>
    <subfield code="b">FH</subfield>
    <subfield code="c">TXT</subfield>
    <subfield code="d">2020-08-08</subfield>
    <subfield code="e">B.JAIN PUB.</subfield>
    <subfield code="g">20.00</subfield>
    <subfield code="i">SGTU</subfield>
    <subfield code="l">0</subfield>
    <subfield code="o">616.024 B09C</subfield>
    <subfield code="p">FH1888</subfield>
    <subfield code="r">2020-08-08 00:00:00</subfield>
    <subfield code="w">2016-09-02</subfield>
    <subfield code="y">BK</subfield>
    <subfield code="k">147010</subfield>
  </datafield>
  <datafield tag="952" ind1=" " ind2=" ">
    <subfield code="0">0</subfield>
    <subfield code="1">0</subfield>
    <subfield code="2">ddc</subfield>
    <subfield code="4">0</subfield>
    <subfield code="7">0</subfield>
    <subfield code="a">FH</subfield>
    <subfield code="b">FH</subfield>
    <subfield code="c">TXT</subfield>
    <subfield code="d">2020-08-08</subfield>
    <subfield code="e">B.JAIN PUB.</subfield>
    <subfield code="g">20.00</subfield>
    <subfield code="i">SGTU</subfield>
    <subfield code="l">0</subfield>
    <subfield code="o">616.024 B09C</subfield>
    <subfield code="p">FH1889</subfield>
    <subfield code="r">2020-08-08 00:00:00</subfield>
    <subfield code="w">2016-09-02</subfield>
    <subfield code="y">BK</subfield>
    <subfield code="k">147010</subfield>
  </datafield>
  <datafield tag="952" ind1=" " ind2=" ">
    <subfield code="0">0</subfield>
    <subfield code="1">0</subfield>
    <subfield code="2">ddc</subfield>
    <subfield code="4">0</subfield>
    <subfield code="7">0</subfield>
    <subfield code="a">FH</subfield>
    <subfield code="b">FH</subfield>
    <subfield code="c">TXT</subfield>
    <subfield code="d">2020-08-08</subfield>
    <subfield code="e">B.JAIN PUB.</subfield>
    <subfield code="g">20.00</subfield>
    <subfield code="i">SGTU</subfield>
    <subfield code="l">0</subfield>
    <subfield code="o">616.024 B09C</subfield>
    <subfield code="p">FH1890</subfield>
    <subfield code="r">2020-08-08 00:00:00</subfield>
    <subfield code="w">2016-09-02</subfield>
    <subfield code="y">BK</subfield>
    <subfield code="k">147010</subfield>
  </datafield>
  <datafield tag="952" ind1=" " ind2=" ">
    <subfield code="0">0</subfield>
    <subfield code="1">0</subfield>
    <subfield code="2">ddc</subfield>
    <subfield code="4">0</subfield>
    <subfield code="7">0</subfield>
    <subfield code="a">FH</subfield>
    <subfield code="b">FH</subfield>
    <subfield code="c">TXT</subfield>
    <subfield code="d">2020-08-08</subfield>
    <subfield code="e">B.JAIN PUB.</subfield>
    <subfield code="g">20.00</subfield>
    <subfield code="i">SGTU</subfield>
    <subfield code="l">0</subfield>
    <subfield code="o">616.024 B09C</subfield>
    <subfield code="p">FH1891</subfield>
    <subfield code="r">2020-08-08 00:00:00</subfield>
    <subfield code="w">2016-09-02</subfield>
    <subfield code="y">BK</subfield>
    <subfield code="k">147010</subfield>
  </datafield>
  <datafield tag="999" ind1=" " ind2=" ">
    <subfield code="c">20452</subfield>
    <subfield code="d">20452</subfield>
  </datafield>
</record>
